000 01026aab a2200217 i 4500
001 768714001
003 CO-MdFUSB
005 20250726123102.0
008 240326t1992 ag ||||| |||| 00| 0 spa d
040 _bspa
_cCO-MdFUSB
041 _aspa
100 1 _aRooy, Sidney
_eautor
245 1 3 _aLa llegada de los hugonotes a Florida (parte II)
_c/ Sidney Rooy
300 _aVolumen 11, número 4 (octubre - diciembre, 1992), páginas: 31 - 33
_c; 27 cm
520 _aTras la tormenta, otro grupo de náufragos franceses, liderado por Jean Ribault, fue capturado por Menéndez en condiciones precarias. A pesar de que Ribault ofreció dinero y pidió clemencia, Menéndez rechazó cualquier trato. Los prisioneros fueron atados y ejecutados por ser protestantes, repitiendo así la masacre del primer grupo.
653 _aHugonote
653 _aMártires
773 0 _tIglesia y Misión
_049402
_959656
_gVolumen 11, número 4 (octubre - diciembre, 1992), páginas: 31 - 33
_qpáginas: 31
942 _cANA
945 _aJTF-925
999 _c71406
_d71406